NBA Team Match - Click Quiz - Statistics

General Stats
  • This quiz has been taken 326 times
  • The average score is 27 of 29
Answer Stats
Hint Answer % Correct
Chicago Bulls
96%
Cleveland Cavaliers
95%
Los Angeles Clippers/Lakers
95%
Miami Heat
95%
Golden State Warriors
95%
Philadelphia 76ers
93%
Boston Celtics
93%
Utah Jazz
93%
Dallas Mavericks
93%
Toronto Raptors
93%
San Antonio Spurs
93%
Milwaukee Bucks
92%
Atlanta Hawks
92%
New York Knicks
92%
Orlando Magic
92%
Denver Nuggets
92%
Indiana Pacers
92%
Houston Rockets
92%
Phoenix Suns
92%
Washington Wizards
92%
Memphis Grizzlies
91%
Charlotte Hornets
91%
Sacramento Kings
91%
Brooklyn Nets
91%
Detroit Pistons
91%
Oklahoma City Thunder
90%
Portland Trail Blazers
90%
New Orleans Pelicans
89%
Minnesota Timberwolves
89%
No matching quizzes found
Score Distribution
Percent of People with Each Score
Percentile by Number Answered
Your Score History
You have not taken this quiz